| 000 | 00433nam a22001697a 4500 | ||
|---|---|---|---|
| 003 | SGT | ||
| 020 | _a978-93-90281-40-4 | ||
| 082 |
_a612.64 _bI21D |
||
| 100 | _aDEVI, V SUBHADRA | ||
| 245 | _aINDERBIR SINGH'S HUMAN EMBRYOLOGY | ||
| 250 | _a12TH | ||
| 260 |
_aNEW DELHI _bJAYPEE PUB _c2021 |
||
| 300 | _a420 | ||
| 650 | _a EMBRYOLOGY | ||
| 653 | _a EMBRYOLOGY, INDERBIR SINGH'S EMBRYOLOGY, HUMAN EMBRYOLOGY | ||
| 942 |
_2ddc _cBK _051 |
||
| 999 |
_c21564 _d21564 |
||